Movies Where the Protagonist Dies - Statistics

General Stats
  • This quiz has been taken 42 times
    5 since last reset
  • The average score is 11 of 18
Answer Stats
Protagonist Cause of Death Movie % Correct
Iron Man Iron Man Avengers: Endgame
100%
Charles Kane Old age Citizen Kane
100%
Romeo & Juliet Romeo & Juliet Romeo and Juliet
100%
Michael Corleone Stroke The Godfather Part III
100%
Maximus Commodus Gladiator
80%
Arthur Fleck Connor Storrie Joker: Folie À Deux
80%
James Bond Lyutsifer Safin No Time to Die
80%
Tony Montana The Skull Scarface
80%
Dr. Jekyll Shot by police Dr. Jekyll and Mr. Hyde
60%
Harry Potter Voldemort Harry Potter and the Deathly Hallows Part 2
60%
Llewellyn Moss Anton Chigurh No Country for Old Men
60%
Andrew Beckett AIDS Philadelphia
60%
Malcolm Crowe Vincent Grey The Sixth Sense
60%
R.P. McMurphy Chief Bromden One Flew Over the Cuckoo's Nest
40%
Dorian Gray Dorian Gray The Picture of Dorian Gray
40%
Joe Pendleton Car crash/gunshot/football Heaven Can Wait
0%
Mickey Barnes Shot, burnt, radiation, gassed, blew up and 12 other ways Mickey `17
0%
Colter Stevens Explosion Source Code
0%
No matching quizzes found
Score Distribution
Percent of People with Each Score
Percentile by Number Answered
Your Score History
You have not taken this quiz since the last reset